000
00282nam a2200121Ia 4500
008
190902s9999||||xx |||||||||||||| ||und||
020
_a
0074-71-330-2
100
_a
Darrel Bristow
245
0
_a
I Moved Your Cheese
260
_a
UK
_b
Prentice Hall
_c
2002
300
_a
96
942
_c
BK
999
_c
2946
_d
2946